| 000 | 02529cam a22003737i 4500 | ||
|---|---|---|---|
| 001 | 91 | ||
| 003 | OSt | ||
| 005 | 20250922160206.0 | ||
| 008 | 190116s1967 ilua 000 0 eng d | ||
| 010 | _a 2018419488 | ||
| 035 | _a20811609 | ||
| 035 | _a(OCoLC)8428844 | ||
| 040 |
_aIDB _beng _erda _cIDB _dOCLCQ _dOCLCF _dOCLCO _dOCLCQ _dDLC |
||
| 042 | _alccopycat | ||
| 050 | 0 | 0 |
_aT355 _b.O35 1967 |
| 082 |
_223 _a720.284 OCO _b91 |
||
| 100 | 1 |
_aO'Connell, William J., _eauthor. |
|
| 245 | 1 | 0 |
_aStandard format for architectural working drawings / _cWilliam J. O'Connell, Associate Professor of Architecture, University of Illinois, Urbana, Illinois. |
| 246 | 3 | _aArchitectural working drawings | |
| 250 | _aRevised 1967 edition. | ||
| 264 | 1 |
_aChampaign, Illinois : _bStipes Publishing Company, _c1967. |
|
| 300 |
_av, 60 pages : _billustrations ; _c28 cm |
||
| 336 |
_atext _btxt _2rdacontent |
||
| 337 |
_aunmediated _bn _2rdamedia |
||
| 338 |
_avolume _bnc _2rdacarrier |
||
| 520 | _a"Standard format for architectural working drawings" by William J. O'Connell is a technical handbook designed to establish and promote a standardized system for creating architectural drawings. Published in 1968, the book was a crucial resource during a period when the industry was seeking to improve communication and efficiency on construction projects. O'Connell, an Associate Professor of Architecture at the University of Illinois, Urbana, draws on his academic and professional experience to provide a clear, methodical guide. The book's central theme is the importance of uniformity and clarity in architectural documentation. It provides a detailed framework for organizing an entire set of working drawings, from cover sheets and indexes to floor plans, sections, and elevations. It also offers guidance on the correct use of line weights, scales, symbols, and annotations to ensure that every drawing is unambiguous and easy to interpret by builders, engineers, and contractors. The book's principles, while rooted in the practices of manual drafting, laid the groundwork for the standards that would later be adopted in the digital age. It is a foundational text on the professional practice of architectural documentation. | ||
| 650 | 0 | _aArchitectural drawing. | |
| 650 | 0 | _aConstruction -- Documentation | |
| 650 | 0 | _aStructural drawing. | |
| 650 | 0 | _aEngineering drawings. | |
| 906 |
_a7 _bcbc _ccopycat _d2 _encip _f20 _gy-gencatlg |
||
| 942 |
_2ddc _cBK _n0 |
||
| 999 |
_c72 _d72 |
||